000 00961nam a22002177a 4500
003 UA-OsUOA
001 78758
007 ta
008 20111020b un ||||| |||| 00| 0 ukr d
100 _aУздинская Е.В.
090 _a659
_bУ34
942 _cSA
040 _aUA-OsUOA
_brus
_cUA-OsUOA
_dUA-OsUOA
245 _aПоддержка или опровержение? Роль различных языковых средств в тактике "возражение под видом согласия" ( на материале газетной речи)
300 _aС.155-169
955 _a0
041 _arus
080 _a659
773 0 _w78754
_tВестник Московского университета. Серия 10. Журналистика
_dМ.
_d2011
_g3
650 7 _a659 Реклама. Система інформації. Громадська інформація та реклама (Паблик-Рилейшнз)
_2UDC
999 _c365073
_d365073